Rules and regulations for the measurement of plumber work in Glasgow and neighbourhood (Record no. 122187)
[ view plain ]
| 000 -LEADER | |
|---|---|
| fixed length control field | 00739nam a22002057a 4500 |
| 008 - FIXED-LENGTH DATA ELEMENTS--GENERAL INFORMATION | |
| fixed length control field | 250626s1894 xxk||||| |||| 00| 0 eng d |
| 041 ## - LANGUAGE CODE | |
| Language code of text/sound track or separate title | eng |
| 240 ## - UNIFORM TITLE | |
| Uniform title | <a href="Measurement of Plumber Work 1894">Measurement of Plumber Work 1894</a> |
| 245 ## - TITLE STATEMENT | |
| Title | Rules and regulations for the measurement of plumber work in Glasgow and neighbourhood |
| Subtitle | 1895 |
| 260 ## - PUBLICATION INFORMATION | |
| Place of publication | Glasgow, |
| Publisher | Strathern & Freeman, |
| Date | 1895 |
| 300 ## - PHYSICAL DESCRIPTION | |
| Physical description | 21cm, 7p. |
| Other physical details | pamphlet |
| 500 ## - GENERAL NOTE | |
| General note | Donated by Mr John M Calder |
| 505 ## - CONTENTS | |
| Contents | Collaborative title by the Glasgow Institute of Architects, the Glasgow Institute of Measurers and the Glasgow Master Brickbuilders' Association |
| 650 ## - KEYWORDS | |
| Keywords | PLUMBING |
| 650 ## - KEYWORDS | |
| Keywords | PLUMBERS |
| 650 ## - KEYWORDS | |
| Keywords | MEASUREMENT |
| 651 ## - SUBJECT ADDED ENTRY--GEOGRAPHIC NAME | |
| Geographic name | Scotland |
| 690 ## - BROAD SUBJECT | |
| Broad subject | Measurement |
| 9 (RLIN) | 6256 |
| 942 ## - ADDED ENTRY ELEMENTS (KOHA) | |
| Suppress in OPAC | Do not suppress in OPAC |
| Lost status | Damaged status | Not for loan | Home library | Current library | Shelving location | Date acquired | Source of acquisition | Total Checkouts | Full call number | Date last seen | Price effective from | Koha item type |
|---|---|---|---|---|---|---|---|---|---|---|---|---|
| Archives | Archives | Archive copy | 26/06/2025 | Donation | SMM 1895 | 26/06/2025 | 26/06/2025 | Book |